000 00516nmm a2200169Ia 4500
008 251105s9999||||xx |||||||||||||||||und||
020 _a9788483590041
041 _aspa
100 _aLópez Gradolí, Alfonso
245 0 _aPoesía Visual Española: Antología incompleta :
_b Antología incompleta
264 _a[Madrid, España] :
_bCalambur,
_c2007
300 _a376 páginas
490 _aCalambur Poesía
650 _aSpanish poetry
856 _uhttps://public.digitaliapublishing.com/a/912
942 _cCF
999 _c86115
_d86115